Programa de l'assignatura dels Serveis Municipals / segons les explicacions del prof. D. Guillem Busquets
Descripción Física:
26 p. ; 22 cm
Materias:
Serveis municipals
MARC
| LEADER | 00000nam a2200000Ia 4500 | ||
|---|---|---|---|
| 001 | 12548 | ||
| 008 | 160829s1921 xx 000 0 cat d | ||
| 080 | |a RF-8-58 | ||
| 100 | |a Busquets Vautravers, Guillem |9 29019 | ||
| 245 | |a Programa de l'assignatura dels Serveis Municipals / segons les explicacions del prof. D. Guillem Busquets | ||
| 260 | |a Barcelona : |b Mancomunitat de Catalunya, |c 1921 | ||
| 300 | |a 26 p. ; |c 22 cm | ||
| 590 | |a Abans del títol: Mancomunitat de Catalunya. Escola de Funcionaris d'Administració Local.vbcrlfPrové de 2562 | ||
| 650 | 0 | |a Serveis municipals |9 42282 | |
| 710 | 2 | |a Catalunya. |b Mancomunitat |9 53015 | |
| 710 | 2 | |a Escola de Funcionaris d'Administració Local (Barcelona, Catalunya) |9 53176 | |
| 856 | 4 | |u https://media.diba.cat/diba/fitxers/arxiu/fulletons/bib_12548_1921_baixa.pdf |y Accés lliure | |
| 856 | 4 | |u https://media.diba.cat/diba/fitxers/arxiu/fulletons/bib_12548_1921_baixa.pdf |y Accés lliure | |
| 901 | |a Arxiu | ||
| 942 | |n 1 |2 udc | ||
| 952 | |0 0 |1 0 |4 0 |6 RF858 |7 1 |9 53485 |a Arxiu |b Arxiu |d 2016-12-01 |l 0 |o RF-8-58 |p 12548 |r 2016-12-01 00:00:00 |w 2016-12-01 |y ARXIU | ||
| 999 | |c 57351 |d 57351 | ||
| 900 | |a bib_12548_1921_baixa.pdf | ||